Statistics for English Football Record Holders

Click here to take the quiz!

General Stats

  • This quiz has been taken 1,237 times
  • The average score is 10 of 35

Answer Stats

HintAnswer% Correct
Most league titlesManchester United
100%
Most Consecutive League TitlesArsenal
97%
Liverpool
95%
Most appearancesEverton
78%
Fewest Wins in a SeasonDerby County
74%
City With Most Teams in One CampaignLondon
63%
Sunderland
58%
Southampton
37%
Birmingham City
35%
Norwich City
35%
Preston North End
34%
Huddersfield Town
34%
Cardiff City
33%
Swansea City
33%
Swindon Town
33%
Sheffield Wednesday
32%
Middlesbrough
29%
Fewest AppearancesBarnsley
28%
Most Consecutive WinsBristol City
18%
Bury
14%
100% Record at HomeBrentford
8%
Northampton Town
8%
Leyton Orient
7%
Exeter City
7%
Carlisle United
7%
Hartlepool United
6%
Peterborough United
5%
Most Wins in a SeasonDoncaster Rovers
5%
Torquay United
5%
Chesterfield
4%
Darwen
1%
Glossop North End
1%
Most Consecutive Home WinsBradford Park Avenue
1%
Small Heath
0%
Loughborough
0%

Score Distribution

Percentile by Number Answered

Percent of People with Each Score

Your Score History

You have not taken this quiz